[Event "Saint Louis Spring-B"]
[Site "Saint Louis"]
[Date "2022.03.06"]
[Round "5"]
[White "Ali Marandi, Cemil Can"]
[Black "Raja, Harshit"]
[Result "1/2-1/2"]
[WhiteElo "2524"]
[BlackElo "2482"]
[PlyCount "66"]
[EventDate "2022.03.02"]
[EventType "tourn"]
[EventRounds "9"]
[EventCountry "USA"]
[EventCategory "11"]
[SourceTitle "CBM 207 Extra"]
[Source "ChessBase"]
[SourceDate "2022.05.31"]
[SourceVersion "1"]
[SourceVersionDate "2022.05.31"]
[SourceQuality "1"]

1. Nf3 d5 2. e3 Nf6 3. c4 e6 4. Nc3 a6 5. b3 c5 6. cxd5 exd5 7. d4 cxd4 8. Nxd4 Bb4 9. Bd2 Bd6 10. Be2 0-0 11. 0-0 Nc6 12. Nxc6 bxc6 13. Bf3 Qe7 14. Ne2 Ne4 15. Ng3 Nxd2 16. Qxd2 a5 17. Rac1 Bd7 18. e4 Bxg3 19. hxg3 dxe4 20. Bxe4 Qxe4 21. Qxd7 Qe2 22. a4 Rab8 23. Rxc6 Rxb3 24. Qd5 Ra3 25. Qxa5 Re8 26. Rcc1 Rxg3 27. Rce1 Rxg2+ 28. Kh1 Rg6 29. Rxe2 Rh6+ 30. Kg2 Rg6+ 31. Kh1 Rh6+ 32. Kg2 Rg6+ 33. Kh1 Rh6+ 1/2-1/2

[Event "Saint Louis Spring-B"]
[Site "Saint Louis"]
[Date "2022.03.04"]
[Round "3"]
[White "Stremavicius, Titas"]
[Black "Ali Marandi, Cemil Can"]
[Result "1/2-1/2"]
[WhiteElo "2520"]
[BlackElo "2524"]
[PlyCount "98"]
[EventDate "2022.03.02"]
[EventType "tourn"]
[EventRounds "9"]
[EventCountry "USA"]
[EventCategory "11"]
[SourceTitle "CBM 207 Extra"]
[Source "ChessBase"]
[SourceDate "2022.05.31"]
[SourceVersion "1"]
[SourceVersionDate "2022.05.31"]
[SourceQuality "1"]

1. c4 e5 2. Nc3 Bb4 3. Nd5 Bc5 4. e3 Nf6 5. b4 Nxd5 6. bxc5 Nf6 7. d4 exd4 8. exd4 0-0 9. Be2 b6 10. Bf3 c6 11. Ne2 Ba6 12. Qa4 b5 13. Qa3 bxc4 14. Nc3 Re8+ 15. Be3 d5 16. cxd6 Re6 17. 0-0 Qxd6 18. Qa5 Re8 19. Rfe1 Qd8 20. Qa4 Bc8 21. d5 cxd5 22. Bb6 axb6 23. Qxa8 Be6 24. Nxd5 Nbd7 25. Qxd8 Rxd8 26. Rad1 Rb8 27. Nb4 Kf8 28. Na6 Rc8 29. Bb7 Rd8 30. a3 Bf5 31. Rd4 c3 32. Rc4 c2 33. Rc8 Rxc8 34. Bxc8 Bg6 35. f4 Bd3 36. Rc1 Be4 37. Bxd7 Nxd7 38. Nb4 Nc5 39. Na2 f5 40. Rf1 Nd3 41. Nc1 Nb2 42. Re1 Nc4 43. g4 g6 44. Kf2 Kf7 45. gxf5 gxf5 46. Rg1 Nxa3 47. Rg3 Nc4 48. Rc3 b5 49. Rb3 Nd6 1/2-1/2